000 01474cam a2200145 4500500
005 20251214011420.0
041 _afre
042 _adc
100 1 0 _aFeenstra, Pietsie
_eauthor
700 1 0 _aSánchez-Biosca, Vicente
_eauthor
245 0 0 _aLe cinéma espagnol : Histoire et culture
260 _bArmand Colin,
_c2014.
520 _aLe cinéma espagnol, profondément inscrit dans l’histoire du pays, est le reflet fidèle des questionnements de sa société. Les auteurs de cet ouvrage, européens et américains, en montrent ici toute la richesse. Loin des clichés et des stéréotypes, cette étude est menée à travers le prisme de l’histoire culturelle, en privilégiant quatre axes : l’identité nationale, la différenciation sexuelle, la représentation de l’autre et la mémoire. L’Espagne présente un cas très particulier par les changements radicaux qu’elle a connus et par le rôle essentiel que le cinéma a joué dans la construction de l’imaginaire national. Longtemps soumis à la censure, ce pays a ouvert depuis l’avènement de la démocratie une voie de renouvellement spectaculaire. Modernité, forte présence des nationalismes régionaux, révolution des mœurs, essor économique puis confrontation à la crise irriguent le propos des cinéastes et construisent une identité nationale en constante évolution.
856 4 1 _uhttps://shs.cairn.info/le-cinema-espagnol--9782200281229?lang=fr&redirect-ssocas=7080
999 _c1569749
_d1569749